Алгоритмическое и программное обеспечение для пре- и постпроцессинга при 3D-моделировании месторождений нефти и газа; Известия Томского политехнического университета [Известия ТПУ]; Т. 316, № 5: Управление, вычислительная техника и информатика
| Parent link: | Известия Томского политехнического университета [Известия ТПУ]/ Томский политехнический университет (ТПУ).— , 2000- Т. 316, № 5: Управление, вычислительная техника и информатика.— 2010.— [С. 122-126] |
|---|---|
| 第一著者: | |
| その他の著者: | |
| 要約: | Заглавие с титульного листа Электронная версия печатной публикации Обсуждаются проблемы развития информационных технологий 3D-моделирования нефтегазовых месторождений на основе дополнения базового программного обеспечения алгоритмами и совместимыми программными модулями для пре- и постпроцессинга. Показана возможность решения с их помощью ряда актуальных задач геолого-гидродинамического моделирования: построения тематических карт, карт поверхностей частных и парных корреляций, определение площадей охвата разработкой с применением методов интенсификации нефтеотдачи пласта и без них, а также визуализации результатов решения задач. |
| 言語: | ロシア語 |
| 出版事項: |
2010
|
| シリーズ: | Управление, вычислительная техника и информатика |
| 主題: | |
| オンライン・アクセス: | http://www.lib.tpu.ru/fulltext/v/Bulletin_TPU/2010/v316/i5/23.pdf |
| フォーマット: | MixedMaterials 電子媒体 図書の章 |
| KOHA link: | https://koha.lib.tpu.ru/cgi-bin/koha/opac-detail.pl?biblionumber=187208 |
MARC
| LEADER | 00000nla2a2200000 4500 | ||
|---|---|---|---|
| 001 | 187208 | ||
| 005 | 20231031173921.0 | ||
| 035 | |a (RuTPU)RU\TPU\book\203134 | ||
| 035 | |a RU\TPU\book\203132 | ||
| 090 | |a 187208 | ||
| 100 | |a 20101111d2010 k y0rusy50 ca | ||
| 101 | 0 | |a rus | |
| 102 | |a RU | ||
| 135 | |a drnn ---uucaa | ||
| 181 | 0 | |a i | |
| 182 | 0 | |a b | |
| 200 | 1 | |a Алгоритмическое и программное обеспечение для пре- и постпроцессинга при 3D-моделировании месторождений нефти и газа |b Электронный ресурс |f А. А. Захарова, В. З. Ямпольский | |
| 203 | |a Текст |c электронный | ||
| 215 | |a 1 файл (1.1 Мб) | ||
| 225 | 1 | |a Управление, вычислительная техника и информатика | |
| 230 | |a Электронные текстовые данные (1 файл : 1.1 Мб) | ||
| 300 | |a Заглавие с титульного листа | ||
| 300 | |a Электронная версия печатной публикации | ||
| 320 | |a [Библиогр.: с. 126 (4 назв.)] | ||
| 330 | |a Обсуждаются проблемы развития информационных технологий 3D-моделирования нефтегазовых месторождений на основе дополнения базового программного обеспечения алгоритмами и совместимыми программными модулями для пре- и постпроцессинга. Показана возможность решения с их помощью ряда актуальных задач геолого-гидродинамического моделирования: построения тематических карт, карт поверхностей частных и парных корреляций, определение площадей охвата разработкой с применением методов интенсификации нефтеотдачи пласта и без них, а также визуализации результатов решения задач. | ||
| 337 | |a Adobe Reader | ||
| 461 | 1 | |0 (RuTPU)RU\TPU\book\176237 |t Известия Томского политехнического университета [Известия ТПУ] |f Томский политехнический университет (ТПУ) |d 2000- | |
| 463 | 1 | |0 (RuTPU)RU\TPU\book\202417 |x 1684-8519 |t Т. 316, № 5: Управление, вычислительная техника и информатика |v [С. 122-126] |d 2010 |p 192 с. | |
| 610 | 1 | |a 3D-моделирование | |
| 610 | 1 | |a геологические модели | |
| 610 | 1 | |a гидродинамические модели | |
| 610 | 1 | |a нефть | |
| 610 | 1 | |a газ | |
| 610 | 1 | |a месторождения | |
| 610 | 1 | |a алгоритмическое обеспечение | |
| 610 | 1 | |a программное обеспечение | |
| 610 | 1 | |a обработка данных | |
| 610 | 1 | |a информационные технологии | |
| 610 | 1 | |a труды учёных ТПУ | |
| 610 | 1 | |a электронный ресурс | |
| 700 | 1 | |a Захарова |b А. А. |c российский специалист в области информационных технологий |c зав. лабораторией моделирования месторождений нефти и газа Института «Кибернетический центр» Томского политехнического университета |f 1972- |g Алена Александровна |2 stltpush |3 (RuTPU)RU\TPU\pers\25392 | |
| 701 | 1 | |a Ямпольский |b В. З. |c директор института "Кибернетический центр" Томского политехнического университета |f 1938- |g Владимир Захарович |2 stltpush |3 (RuTPU)RU\TPU\pers\12100 | |
| 801 | 1 | |a RU |b 63413507 |c 20090623 |g PSBO | |
| 801 | 2 | |a RU |b 63413507 |c 20211222 |g PSBO | |
| 856 | 4 | |u http://www.lib.tpu.ru/fulltext/v/Bulletin_TPU/2010/v316/i5/23.pdf | |
| 942 | |c CF | ||